Celtic Vs Rangers Best XI - Statistics

General Stats
  • This quiz has been taken 19 times
  • The average score is 5 of 22
Answer Stats
Hint Answer % Correct
FW(1997-2004 Henrik Larsson
61%
MF(2015- James Tavernier
61%
FW(1983-98 Ally McCoist
56%
MF(2007-21 Scott Brown
50%
MF(1981–97 Paul McStay
39%
MF(1994~2009 Barry Ferguson
33%
MF(1962-75 Jimmy Johnstone
33%
GK(1978-95 Packie Bonner
33%
DF1957–75 Billy McNeill
28%
DF(1970–87 Danny McGrain
28%
DF(1961-78 John Greig
28%
DF(1966-82 Sandy Jardine
28%
FW(1922-37 Jimmy McGrory
22%
FW(1961~80 Bobby Lennox
17%
FW(1930-46 Jimmy Smith
6%
GK(1970-86 Peter McCloy
6%
DF(1976–90 Roy Aitken
6%
DF(1904-25 Alec McNair
0%
DF(1919-1936 David Meiklejohn
0%
MF(1977-86 Davie Cooper
0%
DF(1925-46 Dougie Gray
0%
FW(1917-34 Sandy Archibald
0%
No matching quizzes found
Score Distribution
Percent of People with Each Score
Percentile by Number Answered
Your Score History
You have not taken this quiz